[Event "Velez Nor"]
[Site "Velez"]
[Date "2023.10.27"]
[Round "6"]
[White "Heredia Serrano, Carla Sofia"]
[Black "Vivas Zamora, Fabian Ernesto"]
[Result "1/2-1/2"]
[WhiteElo "2063"]
[BlackElo "2352"]
[PlyCount "37"]
[EventDate "2023.10.25"]
[EventType "tourn"]
[EventRounds "9"]
[EventCountry "COL"]
[SourceTitle "Mega2024 Update 01"]
[Source "Chessbase"]
[SourceDate "2023.11.12"]
[SourceVersion "1"]
[SourceVersionDate "2023.11.12"]
[SourceQuality "1"]

1. e4 e5 2. Nf3 Nc6 3. Bc4 Nf6 4. d4 exd4 5. e5 d5 6. Bb5 Ne4 7. Nxd4 Bc5 8. Be3 0-0 9. Nxc6 bxc6 10. Bxc5 Nxc5 11. Bxc6 Rb8 12. Qxd5 Qe7 13. 0-0 Rxb2 14. Nc3 Rd8 15. Qf3 Ne6 16. Nd5 Qc5 17. Rfd1 Rxc2 18. Ba4 Nd4 19. Nf6+ 1/2-1/2

[Event "Velez Nor"]
[Site "Velez"]
[Date "2023.10.27"]
[Round "5"]
[White "Paredes Lagos, Anthony Javier"]
[Black "Heredia Serrano, Carla Sofia"]
[Result "1/2-1/2"]
[WhiteElo "2362"]
[BlackElo "2063"]
[PlyCount "119"]
[EventDate "2023.10.25"]
[EventType "tourn"]
[EventRounds "9"]
[EventCountry "COL"]
[SourceTitle "Mega2024 Update 01"]
[Source "Chessbase"]
[SourceDate "2023.11.12"]
[SourceVersion "1"]
[SourceVersionDate "2023.11.12"]
[SourceQuality "1"]

1. c4 e5 2. g3 Nc6 3. Bg2 Bc5 4. Nc3 Nf6 5. e3 d6 6. Nge2 a6 7. a3 0-0 8. Nd5 Nxd5 9. cxd5 Ne7 10. d4 exd4 11. Nxd4 Nf5 12. Nc2 a5 13. b3 Bd7 14. Qd3 Qf6 15. 0-0 c6 16. Bd2 cxd5 17. Bxd5 Qg6 18. e4 Ne7 19. Bxb7 Ra7 20. Ba6 Bh3 21. Bc4 Nc6 22. Bc3 Bxf1 23. Kxf1 Kh8 24. f4 f5 25. exf5 Rxf5 26. Re1 h5 27. Re8+ Qxe8 28. Qxf5 Ne7 29. Qe6 Qg6 30. Qe2 Qg4 31. Qxg4 hxg4 32. Be6 d5 33. Bxg4 Rb7 34. b4 axb4 35. Nxb4 d4 36. Bd2 Ra7 37. Nd3 Bxa3 38. Ke2 Nd5 39. Ne5 Bb4 40. Bc1 Rc7 41. Nd3 Rc2+ 42. Kf3 Rc3 43. Bf5 Bc5 44. Bb2 Rc2 45. h4 Ne3 46. Bg6 Bb6 47. Ba3 Ra2 48. Bd6 Nc4 49. Bf7 Rc2 50. Be5 Rc3 51. Bxc4 Rxc4 52. Ke4 Rc2 53. f5 Re2+ 54. Kd5 Re3 55. Kc4 Kg8 56. g4 Rh3 57. Bxd4 Bxd4 58. Kxd4 Rxh4 59. Ne5 Rh1 60. Ke4 1/2-1/2

[Event "Buenos Aires Grafica Yael Torre Blanca"]
[Site "Buenos Aires"]
[Date "2023.08.13"]
[Round "7"]
[White "Heredia Serrano, Carla Sofia"]
[Black "Fiorito, Francisco"]
[Result "0-1"]
[WhiteElo "2078"]
[BlackElo "2340"]
[PlyCount "182"]
[EventDate "2023.08.08"]
[EventType "tourn"]
[EventRounds "9"]
[EventCountry "ARG"]
[EventCategory "1"]
[SourceTitle "CBM 215 Extra"]
[Source "ChessBase"]
[SourceDate "2023.09.30"]
[SourceVersion "1"]
[SourceVersionDate "2023.09.30"]
[SourceQuality "1"]

1. e4 e6 2. d4 d5 3. Nc3 Bb4 4. e5 Ne7 5. Bd2 b6 6. Qg4 Nf5 7. Bd3 h5 8. Qf4 Qh4 9. Qxh4 Nxh4 10. Nb5 Nxg2+ 11. Ke2 Bxd2 12. Nxc7+ Kd8 13. Nxa8 Bh6 14. Nh3 Bb7 15. Nxb6 axb6 16. b4 Nc6 17. c3 Ke7 18. a4 Ra8 19. Rhg1 Nh4 20. Rgb1 Na7 21. Ra2 g5 22. b5 g4 23. Ng1 Nc8 24. Kf1 Kd7 25. h3 Ne7 26. hxg4 hxg4 27. a5 bxa5 28. Rba1 Kc7 29. Rxa5 Rxa5 30. Rxa5 Nef5 31. Ne2 Nf3 32. Ng3 Nxg3+ 33. fxg3 Bd2 34. Ra3 Bg5 35. Be2 f6 36. exf6 Bxf6 37. Bxf3 gxf3 38. Kf2 e5 39. Kxf3 exd4 40. cxd4 Bxd4 41. Kf4 Kd6 42. g4 Be5+ 43. Kg5 d4 44. Kh6 Be4 45. b6 Bf4+ 46. g5 d3 47. b7 Kc7 48. Ra4 d2 49. Rxe4 Bxg5+ 50. Kxg5 d1Q 51. Re7+ Kb8 52. Kf6 Qd6+ 53. Kf7 Qh6 54. Rd7 Qh7+ 55. Ke6 Qh4 56. Re7 Qf4 57. Rf7 Qh2 58. Re7 Ka7 59. Kf7 Qf4+ 60. Kg7 Kb6 61. Rf7 Qg3+ 62. Kh7 Kc6 63. Rg7 Qh2+ 64. Kg6 Qb8 65. Rf7 Kd6 66. Rf6+ Ke7 67. Rf7+ Ke6 68. Rf6+ Ke5 69. Rf5+ Ke4 70. Rf7 Qg8+ 71. Kf6 Kd5 72. Rd7+ Kc6 73. Rg7 Qh8 74. Kg6 Kd6 75. Kf6 Qd8+ 76. Kg6 Ke6 77. Kh7 Qh4+ 78. Kg8 Qh2 79. Rg6+ Kf5 80. Rg7 Qb8+ 81. Kh7 Qe8 82. Rg8 Qh5+ 83. Kg7 Qg6+ 84. Kf8 Qf6+ 85. Ke8 Ke6 86. Rg6 Qxg6+ 87. Kd8 Qd3+ 88. Kc8 Qd7+ 89. Kb8 Kd6 90. Ka8 Qa4+ 91. Kb8 Qa5 0-1

[Event "Buenos Aires Grafica Yael Torre Blanca"]
[Site "Buenos Aires"]
[Date "2023.08.12"]
[Round "5"]
[White "Heredia Serrano, Carla Sofia"]
[Black "Schnaider, Ilan"]
[Result "0-1"]
[WhiteElo "2078"]
[BlackElo "2220"]
[PlyCount "70"]
[EventDate "2023.08.08"]
[EventType "tourn"]
[EventRounds "9"]
[EventCountry "ARG"]
[EventCategory "1"]
[SourceTitle "CBM 215 Extra"]
[Source "ChessBase"]
[SourceDate "2023.09.30"]
[SourceVersion "1"]
[SourceVersionDate "2023.09.30"]
[SourceQuality "1"]

1. e4 e5 2. Nf3 Nc6 3. Bc4 Nf6 4. d4 exd4 5. e5 Ne4 6. Bd5 Nc5 7. 0-0 Ne6 8. c3 dxc3 9. Nxc3 d6 10. Qe2 Nxe5 11. Nxe5 dxe5 12. Bxb7 Bxb7 13. Qb5+ c6 14. Qxb7 Qc8 15. Qb3 Be7 16. Be3 0-0 17. Rac1 Qa6 18. Qa4 Qb7 19. Ne4 Rfc8 20. Rfd1 h6 21. h3 a5 22. Nd6 Bxd6 23. Rxd6 Qb4 24. Qd1 Nd4 25. Rd7 Rd8 26. Rxd8+ Rxd8 27. b3 Qa3 28. Qg4 f5 29. Qh4 Rf8 30. Rc4 Ne2+ 31. Kf1 Qxa2 32. Bxh6 f4 33. Bxg7 Ng3+ 34. fxg3 fxg3+ 35. Ke1 Rf1+ 0-1

[Event "Criciuma op"]
[Site "Criciuma"]
[Date "2023.01.18"]
[Round "8"]
[White "Silva, Kaua Marques"]
[Black "Heredia Serrano, Carla Sofia"]
[Result "1-0"]
[WhiteElo "2196"]
[BlackElo "2093"]
[PlyCount "121"]
[EventDate "2023.01.13"]
[EventType "swiss"]
[EventRounds "9"]
[EventCountry "BRA"]
[SourceTitle "CBM 212 Extra"]
[Source "ChessBase"]
[SourceDate "2023.03.31"]
[SourceVersion "1"]
[SourceVersionDate "2023.03.31"]
[SourceQuality "1"]

1. e4 c6 2. d4 d5 3. Nc3 dxe4 4. Nxe4 Bf5 5. Ng3 Bg6 6. Nf3 Nd7 7. h4 h6 8. h5 Bh7 9. Bd3 Bxd3 10. Qxd3 e6 11. Bd2 Ngf6 12. 0-0-0 Be7 13. Kb1 Qb6 14. c4 Rd8 15. Bc1 0-0 16. Ne4 c5 17. dxc5 Nxc5 18. Nxf6+ Bxf6 19. Qc2 Qc6 20. Be3 Rxd1+ 21. Rxd1 Rc8 22. Bd4 Nd7 23. Qe2 b6 24. b3 a5 25. g4 a4 26. Kb2 axb3 27. axb3 Ra8 28. Ra1 Rxa1 29. Kxa1 Qd6 30. Qe3 e5 31. Bb2 Qe6 32. Nh2 e4 33. Bxf6 Qxf6+ 34. Kb1 Nc5 35. Kc2 Qa1 36. Qc1 Qxc1+ 37. Kxc1 Nxb3+ 38. Kc2 Nc5 39. Kc3 g6 40. Kb4 Kf8 41. Kb5 Nd7 42. Kc6 Ke7 43. g5 gxh5 44. gxh6 Ne5+ 45. Kd5 Ng6 46. Kxe4 Ke6 47. Kd4 f5 48. Nf3 Kd6 49. h7 Ke6 50. Nh4 Nh8 51. f4 Kf6 52. Kd5 Nf7 53. Kc6 Kg7 54. Kxb6 Kxh7 55. Kc7 Kg7 56. Kd7 Nh6 57. c5 Ng4 58. c6 Nf6+ 59. Kd8 Nd5 60. c7 Nxc7 61. Kxc7 1-0

[Event "Criciuma op"]
[Site "Criciuma"]
[Date "2023.01.17"]
[Round "6"]
[White "Rodi, Luis Ernesto"]
[Black "Heredia Serrano, Carla Sofia"]
[Result "1-0"]
[WhiteElo "2295"]
[BlackElo "2093"]
[PlyCount "81"]
[EventDate "2023.01.13"]
[EventType "swiss"]
[EventRounds "9"]
[EventCountry "BRA"]
[SourceTitle "CBM 212 Extra"]
[Source "ChessBase"]
[SourceDate "2023.03.31"]
[SourceVersion "1"]
[SourceVersionDate "2023.03.31"]
[SourceQuality "1"]

1. e4 c6 2. d4 d5 3. e5 Bf5 4. Nf3 e6 5. Be2 h6 6. 0-0 Nd7 7. Nbd2 Ne7 8. Nb3 Bg4 9. Bd2 a5 10. a4 c5 11. Bb5 c4 12. Nc5 Nc6 13. Nxb7 Qb6 14. Bxc6 Qxc6 15. Nxa5 Qb6 16. b4 cxb3 17. Nxb3 Be7 18. Qe2 0-0 19. a5 Qc7 20. h3 Bh5 21. Rfc1 Rac8 22. Qe3 f6 23. exf6 Rxf6 24. Ne5 Rcf8 25. Nxd7 Qxd7 26. a6 Qa7 27. Nc5 Bxc5 28. dxc5 Rxf2 29. c6 d4 30. Qxf2 Rxf2 31. Kxf2 Be8 32. c7 Bd7 33. Bf4 e5 34. Bxe5 d3+ 35. Kf1 d2 36. Rcb1 Qc5 37. a7 Bb5+ 38. Rxb5 Qxb5+ 39. Kg1 Qc5+ 40. Kh1 Qf8 41. a8Q 1-0

[Event "Florianopolis Spring op 2nd"]
[Site "Florianopolis"]
[Date "2022.10.22"]
[Round "4"]
[White "Heredia Serrano, Carla Sofia"]
[Black "Machado, Luiz Fernando"]
[Result "1-0"]
[WhiteElo "2095"]
[BlackElo "1728"]
[PlyCount "61"]
[EventDate "2022.10.21"]
[EventType "swiss"]
[EventRounds "6"]
[EventCountry "BRA"]
[SourceTitle "EXT 2024"]
[Source "ChessBase"]
[SourceDate "2023.10.10"]
[SourceVersion "1"]
[SourceVersionDate "2023.10.10"]
[SourceQuality "1"]

1. e4 e6 2. b3 d5 3. Bb2 Nf6 4. e5 Nfd7 5. Qg4 c5 6. f4 Nc6 7. Nf3 Nb6 8. Be2 Nb4 9. Na3 Bd7 10. c3 Nc6 11. 0-0 h5 12. Qh3 g6 13. Nc2 Bh6 14. Qg3 Ne7 15. Ne3 Nf5 16. Nxf5 exf5 17. Ba3 Rc8 18. Rfe1 Be6 19. d4 Nd7 20. dxc5 Nxc5 21. Bb5+ Kf8 22. Nd4 Kg7 23. Rac1 Ne4 24. Rxe4 fxe4 25. f5 h4 26. Nxe6+ Kh7 27. Nxd8 hxg3 28. Nxf7 Be3+ 29. Kh1 Rhg8 30. f6 g5 31. Bd7 1-0

[Event "Concordia op 6th"]
[Site "Concordia"]
[Date "2022.10.16"]
[Round "9"]
[White "Tomiello, Lucas Costamilan"]
[Black "Heredia Serrano, Carla Sofia"]
[Result "1-0"]
[WhiteElo "2185"]
[BlackElo "2095"]
[PlyCount "91"]
[EventDate "2022.10.12"]
[EventType "swiss"]
[EventRounds "9"]
[EventCountry "BRA"]
[SourceTitle "EXT 2024"]
[Source "ChessBase"]
[SourceDate "2023.10.10"]
[SourceVersion "1"]
[SourceVersionDate "2023.10.10"]
[SourceQuality "1"]

1. e4 c6 2. d4 d5 3. Nc3 dxe4 4. Nxe4 Bf5 5. Ng3 Bg6 6. h4 h6 7. Nf3 Nd7 8. h5 Bh7 9. Bd3 Bxd3 10. Qxd3 e6 11. Bd2 Ngf6 12. 0-0-0 Be7 13. Ne4 Nxe4 14. Qxe4 Nf6 15. Qe2 Qd5 16. c4 Qe4 17. Qxe4 Nxe4 18. Be3 Rd8 19. Ne5 0-0 20. g4 Rfe8 21. Kc2 f6 22. Ng6 Bb4 23. Rd3 Rd7 24. f3 Ng5 25. Bf2 Red8 26. Rhd1 Ba5 27. a3 Bb6 28. b4 a5 29. bxa5 Bxa5 30. Bg1 b5 31. cxb5 cxb5 32. Rb1 Rc8+ 33. Kd1 Rdc7 34. Bh2 Rc2 35. Ne7+ Kh7 36. Nxc8 Rxh2 37. Rxb5 Bc7 38. Rb7 Bf4 39. Ne7 Nh3 40. Ng6 Ra2 41. Nxf4 Nxf4 42. Rc3 f5 43. Rcc7 Ng2 44. Rxg7+ Kh8 45. Rgc7 Ne3+ 46. Kc1 1-0

[Event "Concordia op 6th"]
[Site "Concordia"]
[Date "2022.10.15"]
[Round "8"]
[White "Heredia Serrano, Carla Sofia"]
[Black "Cubas, Jose Fernando"]
[Result "0-1"]
[WhiteElo "2095"]
[BlackElo "2468"]
[PlyCount "69"]
[EventDate "2022.10.12"]
[EventType "swiss"]
[EventRounds "9"]
[EventCountry "BRA"]
[SourceTitle "CBM 210 Extra"]
[Source "ChessBase"]
[SourceDate "2022.11.30"]
[SourceVersion "1"]
[SourceVersionDate "2022.11.30"]
[SourceQuality "1"]

1. e4 c5 2. Nf3 Nc6 3. Bb5 g6 4. Bxc6 dxc6 5. d3 Bg7 6. h3 b6 7. 0-0 Nh6 8. a4 a5 9. Be3 f6 10. d4 cxd4 11. Qxd4 Qxd4 12. Nxd4 e5 13. Nf3 Rb8 14. c4 Nf7 15. c5 bxc5 16. Rc1 Nd6 17. Nbd2 f5 18. Bxc5 Nxe4 19. Nxe4 fxe4 20. Nd2 Bh6 21. Rd1 Bxd2 22. Rxd2 Be6 23. Re1 Bd5 24. f3 exf3 25. Rxe5+ Kd8 26. gxf3 Re8 27. Rxe8+ Kxe8 28. Re2+ Kd8 29. Be7+ Kc8 30. Ba3 Rb3 31. Re7 Kd8 32. Rxh7 Rxf3 33. Bc5 Rg3+ 34. Kf2 Rg2+ 35. Ke3 0-1

[Event "Lignano Bella Italia op 1st"]
[Site "Lignano Sabbiadoro"]
[Date "2022.08.19"]
[Round "4"]
[White "Cassi, Elisa"]
[Black "Heredia Serrano, Carla Sofia"]
[Result "1/2-1/2"]
[WhiteElo "1922"]
[BlackElo "2090"]
[PlyCount "113"]
[EventDate "2022.08.18"]
[EventType "swiss"]
[EventRounds "9"]
[EventCountry "ITA"]
[SourceTitle "CBM 210 Extra"]
[Source "ChessBase"]
[SourceDate "2022.11.30"]
[SourceVersion "1"]
[SourceVersionDate "2022.11.30"]
[SourceQuality "1"]

1. e4 c6 2. d4 d5 3. Nd2 dxe4 4. Nxe4 Nf6 5. Nxf6+ exf6 6. c3 Bd6 7. Bd3 0-0 8. Ne2 Re8 9. 0-0 Nd7 10. Ng3 g6 11. Bh6 Nf8 12. Ne4 Be7 13. h4 Bf5 14. Qf3 Bxe4 15. Bxe4 f5 16. Bxf5 gxf5 17. Qg3+ Ng6 18. h5 Bd6 19. f4 Qh4 20. Qxh4 Nxh4 21. Bg5 Ng6 22. hxg6 hxg6 23. Bf6 Re6 24. Be5 Bf8 25. c4 f6 26. Bc7 Re7 27. Ba5 b6 28. Bc3 Kf7 29. Kf2 Re4 30. g3 Rae8 31. Rfe1 g5 32. Rxe4 Rxe4 33. Re1 gxf4 34. Rxe4 fxe4 35. gxf4 Ke6 36. d5+ cxd5 37. cxd5+ Kxd5 38. Bxf6 Bc5+ 39. Ke2 Bd6 40. Ke3 Bc5+ 41. Ke2 Ke6 42. Be5 b5 43. Kd2 a5 44. b3 Kd5 45. a4 bxa4 46. bxa4 Bb4+ 47. Ke2 Ke6 48. Ke3 Kd5 49. Bc7 Bc5+ 50. Ke2 Bb4 51. Ke3 Bc5+ 52. Ke2 Bb4 53. f5 Bc3 54. Bd8 Kc4 55. f6 Bxf6 56. Bxf6 Kb4 57. Ke3 1/2-1/2